Statistics for The Sikhi Quiz

Click here to take the quiz!

General Stats

  • This quiz has been taken 300 times
  • The average score is 13 of 16

Answer Stats

HintAnswer% Correct
The First Sikh GuruGuru Nanak Dev Ji
96%
Countries with Highest Sikh PopulationIndia
94%
Region of Indian Subcontinent with majority Sikh PopulationPunjab
92%
Modern day Country where the Founder of Sikhism was bornPakistan
90%
The 10th Sikh GuruGuru Gobind Singh Ji
88%
Countries with Highest Sikh PopulationCanada
85%
City Where it is LocatedAmritsar
84%
Countries with Highest Sikh PopulationUnited Kingdom
84%
Holiest Shrine of SikhismHarmandir Sahib
80%
Holy Book and Present GuruGuru Granth Sahib Ji
79%
Sikh Place of Worship that means Door to GodGurudwara
77%
Sikh practice of community kitchenLangar
76%
City where Genocide against Sikhs was committed in 1984Delhi
65%
Sikh Political and Military body, founded by the 10th GuruKhalsa
61%
Script in which the above is writtenGurmukhi
59%
Meaning of the word SikhLearner
57%

Score Distribution

Percentile by Number Answered

Percent of People with Each Score

Your Score History

You have not taken this quiz